00698nam a2200241 a 4500001001300000003000900013005001700022008004100039020001000080082001600090100002300106245003200129260005100161300000900212500003500221505001000256650001800266700002300284902000800307942000700315952011700322999001700439nice12345678IN_TiNIC20260116013418.0050524s0000 boma grp 000 0 eng  ac10000a297.52bKAM aKamaluddin, Khwaja aIslam and the Muslim Prayer aBombaybDarul Ishaat Kutub Khana Islamiac0000 a123p aincludes index and biblioraphy2 aIndex aIslam-Prayers1 aKamaluddin, Khwaja bSRS cBK 001040708StackRoom-aHMIbHMId2007-07-04g100.00l0o297.52 KAMp015550r2007-07-04v100.00w2005-05-24yBK c10888d10888